000 00852nam a2200265Ia 4500
003 OSt
005 20220918170228.0
006 a|||||r|||| 00| 0
007 ta
008 220917b |||||||| |||| 00| 0 eng d
020 _a978 90 272 3369 1 (hbk)
024 _a232,433
037 _b11778, 17/10/2007, Govinda Book House
_cTextual
040 _aARTS
_cARTS
_beng
041 _2eng
_aeng
082 _aP111,36-5, P7
100 _aHaumann Dagmar
_927817
245 0 _aAdverb licensing and clause structure in English
260 _aAmsterdam
_bJohn Benjamins Publishing Company Netherland
_c2007
300 _a435p.
_ccm.
490 _aLinguistik aktuell linguistics today 105
650 _aLINGUISTICS
942 _hP111,36-5, P7
_cTEXL
_2CC
999 _c133203
_d133203